000 00567nam a22002537a 4500
003 UA-OsUOA
001 23339
007 ta
008 20040119b un ||||| |||| 00| 0 ukr d
100 _aБодрияр Ж.
090 _a316.3
_bБ75
942 _cBK
040 _aUA-OsUOA
_brus
_cUA-OsUOA
_dUA-OsUOA
245 _aСистема вещей
300 _a218 с.
955 _a0
041 _arus
080 _a316.3
020 _a5-7380-0038-2
260 _aМосква
_bРудомино
_c1999
044 _aAU
650 7 _2UDC
999 _c309585
_d309585